Introduction to medical imaging (Record no. 39304)

000 -LEADER
fixed length control field 00626nam a22002177a 4500
001 - CONTROL NUMBER
control field 39304
003 - CONTROL NUMBER IDENTIFIER
control field BD-DhUET
008 - FIXED-LENGTH DATA ELEMENTS--GENERAL INFORMATION
fixed length control field 160816b xxu||||| |||| 00| 0 eng d
020 ## - INTERNATIONAL STANDARD BOOK NUMBER
International Standard Book Number 9780521190657
040 ## - CATALOGING SOURCE
Transcribing agency 0
Modifying agency BD-DhUET
082 ## - DEWEY DECIMAL CLASSIFICATION NUMBER
Classification number 616.0754
Item number SMI/2011
100 ## - MAIN ENTRY--PERSONAL NAME
Personal name Smith, Nadine Barrie
245 ## - TITLE STATEMENT
Title Introduction to medical imaging
Remainder of title physics, engineering and clinical applications
250 ## - EDITION STATEMENT
Edition statement 1st ed.
260 ## - PUBLICATION, DISTRIBUTION, ETC. (IMPRINT)
Place of publication, distribution, etc. Cambridge
Name of publisher, distributor, etc. Cambridge University Press
Date of publication, distribution, etc. 2011
300 ## - PHYSICAL DESCRIPTION
Extent xii,286p.
504 ## - BIBLIOGRAPHY, ETC. NOTE
Bibliography, etc Includes bibliographies
650 #0 - SUBJECT ADDED ENTRY--TOPICAL TERM
Topical term or geographic name as entry element Diagnostic imaging-Digital techniques
700 ## - ADDED ENTRY--PERSONAL NAME
Personal name Webb, Andrew
942 ## - ADDED ENTRY ELEMENTS (KOHA)
Koha item type General Book
Holdings
Shelving location Not for loan Koha full call number Koha item type Koha normalized classification for sorting Koha date last seen Price effective from Koha renewals Koha out on loan Lost status Location (home branch) Koha issues (times borrowed) Withdrawn status Source of classification or shelving scheme Sublocation or collection (holding branch) Date acquired Koha date last borrowed Damaged status Copy number Piece designation (barcode)
Circulation section 616.0754/SMI/2011General Book616_075400000000000_SMI_20112022-02-262016-08-1622025-11-29 Central Library, BUET2  Central Library, BUET2016-08-162022-02-26 1114673
Circulation section 616.0754/SMI/2011General Book616_075400000000000_SMI_20112016-08-162016-08-16   Central Library, BUET   Central Library, BUET2016-08-16  2114674
Circulation section 616.0754/SMI/2011General Book616_075400000000000_SMI_20112025-11-292025-07-02 2026-11-29 Central Library, BUET1  Central Library, BUET2025-04-302025-11-29 3120320
Circulation section 616.0754/SMI/2011General Book616_075400000000000_SMI_20112025-07-022025-07-02   Central Library, BUET   Central Library, BUET2025-04-30  4120321
Circulation section 616.0754/SMI/2011General Book616_075400000000000_SMI_20112025-07-022025-07-02   Central Library, BUET   Central Library, BUET2025-04-30  5120322